[Event "Politiken Cup 2013"]
[Site "Helsingør "]
[Date "2013.07.28"]
[Round "2.67"]
[White "Schou-Moldt, Thomas"]
[Black "Thiry, Jean-Christophe"]
[Result "1/2-1/2"]
[WhiteElo "2202"]
[BlackElo "1981"]
[PlyCount "172"]
[EventDate "2013.07.27"]

1. e4 e5 2. Nf3 d6 3. d4 Nf6 4. Nc3 Nbd7 5. Bc4 Be7 6. O-O O-O 7. h3 c6 8. a4
b6 9. Qe2 a6 10. Rd1 Qc7 11. Ba2 Rb8 12. dxe5 dxe5 13. Nh4 b5 14. Nf5 Nc5 15.
axb5 axb5 16. Nxe7+ Qxe7 17. Be3 Be6 18. f3 Rfd8 19. Qf2 Nb7 20. Rxd8+ Rxd8 21.
Bxe6 Qxe6 22. Ra7 Rd7 23. Bg5 Nd8 24. Bxf6 gxf6 25. Ra8 Qd6 26. Kh2 Kf8 27. Qh4
Ke7 28. Ne2 Qd2 29. Ng3 Qf4 30. Qxh7 Ne6 31. Qf5 Rd2 32. Ra7+ Kd6 33. Rxf7 Qxf5
34. Nxf5+ Kc5 35. h4 Nf4 36. Rg7 Rxc2 37. Rg3 Rxb2 38. Ng7 Ra2 39. h5 Ra8 40.
h6 Rh8 41. Nf5 b4 42. Rg7 Ne6 43. Rb7 Nd4 44. h7 Nxf5 45. exf5 b3 46. Rxb3
Rxh7+ 47. Kg1 Kd4 48. Rb6 Rc7 49. Kf2 Kd5 50. Rb8 Rf7 51. Rd8+ Kc4 52. Ke3 Kc5
53. Ke4 Ra7 54. Rf8 Ra4+ 55. Ke3 Ra3+ 56. Kf2 Kd5 57. Rxf6 c5 58. Rf8 e4 59.
Rd8+ Ke5 60. Re8+ Kxf5 61. Rxe4 Ra2+ 62. Re2 Ra4 63. Ke3 Ra3+ 64. Kd2 Ra4 65.
Kc3 Kf4 66. Re8 Kg3 67. Rg8+ Kf2 68. Rg4 Ra5 69. Kd3 Ra3+ 70. Kc4 Ra5 71. f4
Ke3 72. g3 Ke4 73. Rg5 Ra4+ 74. Kb5 Ra8 75. f5 Kd4 76. f6 Rf8 77. Rf5 c4 78. g4
c3 79. g5 c2 80. Rf1 Rb8+ 81. Ka6 Rb1 82. Rf4+ Ke5 83. f7 c1=Q 84. Rf5+ Kxf5
85. f8=Q+ Kxg5 86. Qc5+ Qxc5 1/2-1/2

[Event "Politiken Cup 2013"]
[Site "Helsingør "]
[Date "2013.07.28"]
[Round "2.66"]
[White "Svendsen, Peter"]
[Black "Haubro, Martin"]
[Result "0-1"]
[WhiteElo "1974"]
[BlackElo "2201"]
[PlyCount "112"]
[EventDate "2013.07.27"]

1. d4 Nf6 2. c4 c5 3. d5 e6 4. Nc3 exd5 5. cxd5 Bd6 6. Nf3 O-O 7. g3 Re8 8. Bg2
Bf8 9. O-O d6 10. a4 Bf5 11. Nh4 Bd7 12. Bg5 h6 13. Bd2 Na6 14. Qb1 Nb4 15. Nf5
Re5 16. Ne3 Qc8 17. f4 Re8 18. Nc4 Bh3 19. Rf2 Bxg2 20. Rxg2 Nbxd5 21. Nb5 Qc6
22. Qd3 a6 23. Nc3 Nxc3 24. Bxc3 Ne4 25. Ba5 b5 26. Nb6 Rab8 27. axb5 axb5 28.
Nd5 c4 29. Qd1 b4 30. Bxb4 Rxb4 31. Nxb4 Qc5+ 32. e3 Qxb4 33. Qd4 Nf6 34. g4
Re4 35. Qd1 Rxe3 36. g5 hxg5 37. fxg5 Qc5 38. Kh1 Ne4 39. g6 fxg6 40. Qg4 Qf5
41. Qxg6 Qxg6 42. Rxg6 Re2 43. Rg2 Rxg2 44. Kxg2 Kf7 45. Kf3 d5 46. Ra6 Bc5 47.
Rc6 Bd4 48. Rc7+ Ke6 49. Rb7 Nd2+ 50. Ke2 Nb3 51. Kd1 Bxb2 52. h4 Bf6 53. h5
Nd4 54. Rc7 Nf5 55. Kd2 Ng3 56. Rc6+ Ke5 0-1

[Event "Politiken Cup 2013"]
[Site "Helsingør "]
[Date "2013.07.28"]
[Round "2.68"]
[White "Rosell, Sven"]
[Black "Evertsson, Lennart"]
[Result "0-1"]
[WhiteElo "1973"]
[BlackElo "2200"]
[PlyCount "142"]
[EventDate "2013.07.27"]

1. c4 e5 2. Nc3 Nc6 3. Nf3 f5 4. d4 e4 5. Ng5 Be7 6. Nh3 Nf6 7. e3 O-O 8. Be2
Kh8 9. Nf4 Bb4 10. h4 Ne7 11. Bd2 a5 12. Qb3 c6 13. a3 Bd6 14. g3 b6 15. O-O-O
Bc7 16. d5 Be5 17. dxc6 dxc6 18. Kb1 Rb8 19. Na2 Qe8 20. Bc3 Bc7 21. h5 h6 22.
Bd4 c5 23. Bc3 Qf7 24. Qc2 Ba6 25. Bxf6 Qxf6 26. Rd7 Bxf4 27. gxf4 Rbd8 28.
Rhd1 Rxd7 29. Rxd7 Bc8 30. Rd2 Qh4 31. Bd1 Ng8 32. Qb3 Rd8 33. Qc2 Be6 34. b3
a4 35. Rxd8 Qxd8 36. Be2 Qh4 37. bxa4 Qxf2 38. Nc3 Qxe3 39. Qc1 Qd4 40. Nb5 Qf2
41. Nc3 Nf6 42. Qb2 Qe1+ 43. Qc1 Qg3 44. Qd2 Qg1+ 45. Kc2 Qd4 46. Nb5 Qxd2+ 47.
Kxd2 Bd7 48. Nd6 Kg8 49. a5 bxa5 50. Nb7 Be8 51. Nxc5 Kf7 52. Nb7 Ke7 53. Nxa5
Nxh5 54. Ke3 g5 55. fxg5 hxg5 56. c5 Ng3 57. Bd1 f4+ 58. Kf2 e3+ 59. Ke1 Ne4
60. c6 Kd6 61. Nc4+ Kxc6 62. Ba4+ Kc5 63. Bxe8 Kxc4 64. Bc6 Kd4 65. a4 f3 66.
Bb5 f2+ 67. Kf1 Kc3 68. a5 Kd2 69. a6 Ng3+ 70. Kg2 e2 71. Bxe2 Kxe2 0-1

[Event "Politiken Cup 2013"]
[Site "Helsingør "]
[Date "2013.07.28"]
[Round "2.69"]
[White "Hagen, Anders Gjerdrum"]
[Black "Skjoldager, Flemming"]
[Result "1-0"]
[WhiteElo "2187"]
[BlackElo "1979"]
[PlyCount "51"]
[EventDate "2013.07.27"]

1. d4 d5 2. c4 c6 3. Nf3 e6 4. e3 Nf6 5. Bd3 Nbd7 6. O-O Bd6 7. Nbd2 O-O 8. e4
dxe4 9. Nxe4 Nxe4 10. Bxe4 f5 11. Bc2 e5 12. Bg5 Be7 13. Bxe7 Qxe7 14. Nxe5
Nxe5 15. Re1 Qb4 16. Rxe5 Qxb2 17. Rb1 Qa3 18. c5 Qa5 19. Rb3 Qd8 20. Rh3 g6
21. Bb3+ Kh8 22. Qe1 h5 23. Re7 Qxd4 24. Rd3 Qb2 25. Rc3 Rf6 26. h4 1-0

[Event "Politiken Cup 2013"]
[Site "Helsingør "]
[Date "2013.07.28"]
[Round "2.70"]
[White "Justinussen, Sigurd B"]
[Black "Leutwyler, Martin"]
[Result "0-1"]
[WhiteElo "1970"]
[BlackElo "2180"]
[PlyCount "102"]
[EventDate "2013.07.27"]

1. e4 Nf6 2. e5 Nd5 3. d4 d6 4. Nf3 Nc6 5. Be2 dxe5 6. dxe5 Bf5 7. a3 e6 8. O-O
Nb6 9. c4 Qxd1 10. Rxd1 Rd8 11. Rxd8+ Kxd8 12. b4 Be7 13. Nc3 Kc8 14. Bf4 Bg4
15. c5 Nd7 16. Re1 Rd8 17. h3 Bh5 18. g4 Bg6 19. Bb5 Ndb8 20. Rd1 Rxd1+ 21.
Nxd1 a5 22. bxa5 Bxc5 23. a4 Nxa5 24. Nh4 Bc2 25. Ne3 Bxe3 26. Bxe3 c6 27. Be2
Bxa4 28. f4 Nd7 29. Nf3 h6 30. f5 c5 31. f6 g5 32. h4 Nc6 33. hxg5 hxg5 34.
Bxg5 Ncxe5 35. Nxe5 Nxe5 36. Bf4 Nd7 37. g5 e5 38. Be3 Bb3 39. Bb5 b6 40. Kg2
Nf8 41. Kf3 Kc7 42. Kg4 Kd6 43. Be8 Bd1+ 44. Kf5 Bc2+ 45. Kg4 Bg6 46. Kf3 Ne6
47. Kg4 Nd4 48. Bxd4 cxd4 49. Bxf7 Bxf7 50. Kf5 d3 51. g6 Bb3 0-1

[Event "Politiken Cup 2013"]
[Site "Helsingør "]
[Date "2013.07.28"]
[Round "2.71"]
[White "Pedersen, Nicolai Kvist Brond"]
[Black "Rasmussen, Lars"]
[Result "1-0"]
[WhiteElo "2180"]
[BlackElo "1977"]
[PlyCount "123"]
[EventDate "2013.07.27"]

1. d4 d5 2. c4 e6 3. Nf3 Nf6 4. Bg5 Be7 5. e3 h6 6. Bh4 O-O 7. Nc3 Ne4 8. Bxe7
Qxe7 9. Rc1 c6 10. Bd3 Nxc3 11. Rxc3 dxc4 12. Bxc4 Nd7 13. O-O b6 14. e4 Rd8
15. Re1 Bb7 16. Qb3 Nf6 17. Bd3 Rac8 18. Bb1 c5 19. Qa3 Rd7 20. Qxa7 Bxe4 21.
Qxb6 Bxf3 22. Rxf3 cxd4 23. Qb5 Rb7 24. Qd3 Rd8 25. b3 Rc7 26. Qe2 Rc3 27. Rxc3
dxc3 28. Qc2 Qc5 29. Rd1 Rxd1+ 30. Qxd1 Nd5 31. h3 g6 32. Qc1 Qd4 33. Bc2 Qd2
34. Qxd2 cxd2 35. a4 Kf8 36. a5 Ke7 37. Kf1 Kd6 38. Ke2 Kc5 39. Bd3 Nb4 40.
Kxd2 e5 41. Bc4 f5 42. Kc3 Nc6 43. Bf7 g5 44. Be6 Nd4 45. b4+ Kc6 46. Bc4 f4
47. Kd3 Nf5 48. Kc3 Nd6 49. Bd3 h5 50. f3 h4 51. Kb3 Nc8 52. b5+ Kc5 53. b6 Nd6
54. Kc3 Kc6 55. Kd2 Kc5 56. Be4 Nc4+ 57. Kc3 Nxa5 58. b7 Nxb7 59. Bxb7 Kb5 60.
Kd3 Kc5 61. Ke4 Kd6 62. Bd5 1-0

[Event "Politiken Cup 2013"]
[Site "Helsingør "]
[Date "2013.07.28"]
[Round "2.73"]
[White "Vistisen, Lars"]
[Black "Karlsson, Ulf"]
[Result "1/2-1/2"]
[WhiteElo "2177"]
[BlackElo "1973"]
[PlyCount "93"]
[EventDate "2013.07.27"]

1. e4 c5 2. Nc3 e6 3. g3 d5 4. d3 d4 5. Nce2 Nc6 6. f4 g6 7. Bg2 Bg7 8. Nf3 f5
9. e5 Nge7 10. c3 Qb6 11. Qb3 Qxb3 12. axb3 Nd5 13. cxd4 cxd4 14. Nexd4 Nxd4
15. Nxd4 Bd7 16. Ke2 Bf8 17. Bd2 Bc5 18. Nc2 Bc6 19. Bf3 Kd7 20. Rhc1 Rac8 21.
Ne3 Bxe3 22. Bxe3 Nxe3 23. Bxc6+ Rxc6 24. Rxc6 Kxc6 25. Kxe3 b6 26. h3 a5 27.
Rc1+ Kb7 28. Rc4 Rd8 29. g4 Rd7 30. Rc2 Rc7 31. Rg2 Rc1 32. g5 Rc7 33. Kd2 Kc6
34. Rg1 Kb5 35. Rc1 Rxc1 36. Kxc1 Kc5 37. Kd2 Kd4 38. Ke2 b5 39. Kd2 Kc5 40.
Ke3 Kd5 41. Ke2 Kd4 42. Kd2 Kc5 43. Kc3 Kd5 44. h4 Kc6 45. Kd4 Kb6 46. Kc3 Kc6
47. Kd4 1/2-1/2

[Event "Politiken Cup 2013"]
[Site "Helsingør "]
[Date "2013.07.28"]
[Round "2.87"]
[White "Ottesen, Soren Rud"]
[Black "Andersen, Morten"]
[Result "0-1"]
[WhiteElo "1782"]
[BlackElo "2166"]
[PlyCount "106"]
[EventDate "2013.07.27"]

1. e4 c5 2. Nf3 d6 3. d4 cxd4 4. Nxd4 Nf6 5. Nc3 a6 6. Be3 e6 7. f3 Be7 8. Bc4
d5 9. exd5 exd5 10. Bb3 Nc6 11. O-O O-O 12. Nde2 Be6 13. Bf2 Na5 14. Nf4 Nxb3
15. axb3 Bd6 16. Qd2 Qc7 17. Bg3 Rad8 18. Rfe1 Rfe8 19. Nfe2 d4 20. Bxd6 dxc3
21. Bxc7 cxd2 22. Red1 Rc8 23. Ba5 Rxc2 24. Rxd2 Rxd2 25. Bxd2 Bxb3 26. Kf2 Rc8
27. Rc1 Rxc1 28. Bxc1 Kf8 29. Nc3 Ke7 30. Ke3 Bd5 31. Kd4 Bc6 32. Na2 b6 33.
Nb4 Bb7 34. Nd3 Nd7 35. b4 f6 36. Ba3 g5 37. b5+ Ke6 38. bxa6 Bxa6 39. g3 Bxd3
40. Kxd3 Ne5+ 41. Ke2 b5 42. h4 gxh4 43. gxh4 Ng6 44. h5 Nf4+ 45. Ke3 Nxh5 46.
f4 f5 47. Bb2 Kd5 48. Be5 Ng3 49. Kf2 Ne4+ 50. Ke3 Kc4 51. Bb2 b4 52. Ba1 Nc3
53. Kd2 h5 0-1

[Event "Politiken Cup 2013"]
[Site "Helsingør "]
[Date "2013.07.28"]
[Round "2.79"]
[White "Martinsen, Stig K"]
[Black "Andersen, Dag"]
[Result "1-0"]
[WhiteElo "2164"]
[BlackElo "1860"]
[PlyCount "77"]
[EventDate "2013.07.27"]

1. d4 Nf6 2. c4 e6 3. Nc3 Bb4 4. Qc2 O-O 5. e4 d5 6. e5 Ne8 7. cxd5 Qxd5 8. Nf3
c5 9. dxc5 Qxc5 10. Be3 Qa5 11. Bd3 f5 12. exf6 Nxf6 13. O-O Bxc3 14. bxc3 Nc6
15. Rab1 Ne5 16. Nxe5 Qxe5 17. Bd4 Qc7 18. Rb5 h6 19. Be5 Qc6 20. Rb4 a6 21.
Re1 Ne8 22. Rg4 Qd7 23. Rd1 Qe7 24. Qc1 g5 25. h4 Nf6 26. Rg3 Nh5 27. Rg4 Nf6
28. Rc4 Nd5 29. hxg5 Qxg5 30. Qxg5+ hxg5 31. Rg4 Bd7 32. Rxg5+ Kf7 33. Bg6+ Ke7
34. c4 Nb6 35. Rh5 Kd8 36. Rh7 Rc8 37. Bd4 Nxc4 38. Bf6+ Kc7 39. Rdxd7+ 1-0

[Event "Politiken Cup 2013"]
[Site "Helsingør "]
[Date "2013.07.28"]
[Round "2.80"]
[White "Wadtland, Flemming"]
[Black "Rolvag, Mikael"]
[Result "0-1"]
[WhiteElo "1585"]
[BlackElo "2162"]
[PlyCount "66"]
[EventDate "2013.07.27"]

1. Nf3 c5 2. c4 g6 3. Nc3 Nc6 4. d4 cxd4 5. Nxd4 Nf6 6. e3 Bg7 7. Be2 O-O 8.
O-O Qa5 9. a3 d6 10. b4 Qb6 11. Rb1 Bd7 12. Bb2 Rfc8 13. Bf3 Ne5 14. Na4 Bxa4
15. Qxa4 Nxf3+ 16. Nxf3 Rxc4 17. Rfd1 a6 18. Nd2 Rcc8 19. Rbc1 Qd8 20. Nc4 b5
21. Qb3 bxc4 22. Rxc4 Rxc4 23. Qxc4 Qc8 24. Qd3 Qb7 25. h3 Rc8 26. Bc1 Nd7 27.
f4 Nf6 28. Bd2 Ne4 29. Be1 e6 30. Kh2 d5 31. Qb1 Nc3 32. Bxc3 Rxc3 33. Rc1 Qc6
0-1

[Event "Politiken Cup 2013"]
[Site "Helsingør "]
[Date "2013.07.28"]
[Round "2.88"]
[White "Henningsen, Lasse"]
[Black "Haubro, Sigfred"]
[Result "0-1"]
[WhiteElo "1779"]
[BlackElo "2155"]
[PlyCount "56"]
[EventDate "2013.07.27"]

1. d4 d5 2. c4 e6 3. Nf3 f5 4. Qc2 Nf6 5. Bf4 c6 6. e3 Be7 7. Nc3 O-O 8. h3 Kh8
9. Be2 Ne4 10. Ne5 Nd7 11. O-O Qe8 12. f3 Nef6 13. e4 Nh5 14. Bh2 dxc4 15. Bxc4
f4 16. Nd3 e5 17. dxe5 Nxe5 18. Nxe5 Bc5+ 19. Kh1 Qxe5 20. Ne2 Qg5 21. Bg1 Bb6
22. Bxb6 axb6 23. Rfd1 Qh4 24. Rd3 Bxh3 25. gxh3 Qxh3+ 26. Kg1 Rf6 27. Nxf4
Nxf4 28. Rd2 Qg3+ 0-1

[Event "Politiken Cup 2013"]
[Site "Helsingør "]
[Date "2013.07.28"]
[Round "2.81"]
[White "Andersen, Soren Mikkel"]
[Black "Olsen, Filip Boe"]
[Result "1-0"]
[WhiteElo "2115"]
[BlackElo "1753"]
[PlyCount "225"]
[EventDate "2013.07.27"]

1. d4 d5 2. c4 c6 3. Nf3 Nf6 4. Nc3 e6 5. Bg5 Nbd7 6. e3 Be7 7. Qc2 h6 8. Bh4
O-O 9. a3 a6 10. Rd1 Qe8 11. cxd5 exd5 12. Bd3 Nb6 13. h3 Be6 14. a4 a5 15. O-O
Qd7 16. Ne5 Qd8 17. Ne2 Nc8 18. Nf4 Bd7 19. Bg3 Nd6 20. f3 Rc8 21. e4 Qb6 22.
Bf2 Be8 23. Rfe1 Rc7 24. Rc1 Bd8 25. Qc5 Qxc5 26. dxc5 Nc8 27. Ng4 Nxg4 28.
hxg4 Bg5 29. g3 Bxf4 30. gxf4 Ne7 31. Bd4 dxe4 32. Bxe4 f6 33. Bc3 Rc8 34. Bxa5
Bf7 35. Bh7+ Kxh7 36. Rxe7 Ra8 37. b4 Bd5 38. Kf2 Rf7 39. Rce1 Raf8 40. Rxf7
Rxf7 41. b5 Rd7 42. f5 Kg8 43. Re8+ Kf7 44. Rc8 Re7 45. Bd2 cxb5 46. axb5 Bc4
47. Bf4 Bxb5 48. Bd6 Re2+ 49. Kg3 Re8 50. Rc7+ Kg8 51. Rxb7 Bc6 52. Rb6 Rc8 53.
Ra6 Kf7 54. Ra7+ Kg8 55. f4 Bd5 56. Kh4 Bc4 57. g5 hxg5+ 58. fxg5 Bd5 59. Kg4
Bc4 60. Kf4 Bd5 61. Ra4 Bc6 62. Ra7 Bd5 63. gxf6 gxf6 64. Ke3 Bb3 65. Be7 Bc2
66. Kf4 Rc6 67. Ra8+ Kf7 68. Bd6 Bd3 69. Rf8+ Kg7 70. Rd8 Bc2 71. Rd7+ Kg8 72.
Re7 Bb3 73. Re2 Bc4 74. Rg2+ Kf7 75. Ke4 Ba6 76. Kd4 Bc8 77. Rf2 Ba6 78. Kd5
Bb7 79. Kc4 Ba6+ 80. Kb4 Bd3 81. Rf3 Be4 82. Rf4 Bd3 83. Kc3 Ba6 84. Ra4 Bf1
85. Ra7+ Kg8 86. Kd4 Bg2 87. Re7 Rc8 88. Bg3 Bh3 89. Bh4 Bxf5 90. Bxf6 Bh3 91.
Rg7+ Kf8 92. Rh7 Be6 93. Bg5 Kg8 94. Re7 Bh3 95. Kd5 Bg2+ 96. Kd4 Rc6 97. Be3
Kf8 98. Rd7 Ke8 99. Rg7 Bf3 100. Ke5 Kf8 101. Rg5 Ke8 102. Rg1 Ke7 103. Bg5+
Ke8 104. Kd4 Kd7 105. Bf4 Ke7 106. Be5 Kd7 107. Rg7+ Ke6 108. Rg6+ Kd7 109. Rg3
Bh1 110. Kc4 Ke6 111. Bd6 Bd5+ 112. Kb5 Rxd6 113. Rg6+ 1-0

[Event "Politiken Cup 2013"]
[Site "Helsingør "]
[Date "2013.07.28"]
[Round "2.82"]
[White "Collareta, Giovanni"]
[Black "Zyde, Fadmal"]
[Result "1-0"]
[WhiteElo "2108"]
[BlackElo "1675"]
[PlyCount "39"]
[EventDate "2013.07.27"]

1. c4 Nf6 2. Nf3 d5 3. cxd5 Nxd5 4. Nc3 Nxc3 5. bxc3 Nc6 6. d4 Bg4 7. e4 e6 8.
Bb5 Qd6 9. Be3 a6 10. Bd3 Be7 11. h3 Bh5 12. g4 Bg6 13. h4 h5 14. g5 O-O-O 15.
Rb1 Qa3 16. Qc2 Na5 17. Ne5 Rhf8 18. Bc1 Qd6 19. Qa4 Nc6 20. Bxa6 1-0

[Event "Politiken Cup 2013"]
[Site "Helsingør "]
[Date "2013.07.28"]
[Round "2.83"]
[White "Tryggestad, Andreas Garberg"]
[Black "Boukhris-Ferre, Yacine"]
[Result "1/2-1/2"]
[WhiteElo "1774"]
[BlackElo "2058"]
[PlyCount "40"]
[EventDate "2013.07.27"]

1. e4 Nf6 2. e5 Nd5 3. c4 Nb6 4. c5 Nd5 5. Nc3 e6 6. Nxd5 exd5 7. d4 d6 8. cxd6
cxd6 9. Nf3 Nc6 10. Be2 Be7 11. O-O O-O 12. Bf4 Bg4 13. h3 Bh5 14. Qd3 Rc8 15.
Rac1 Qd7 16. Rfd1 Rfd8 17. Qb3 Qf5 18. Bg3 Bxf3 19. Bxf3 Nxd4 20. Qxd5 Rxc1
1/2-1/2

[Event "Politiken Cup 2013"]
[Site "Helsingør "]
[Date "2013.07.28"]
[Round "2.84"]
[White "Sorensen, Dick"]
[Black "Christiansen, Niels Jorgen"]
[Result "1/2-1/2"]
[WhiteElo "2000"]
[BlackElo "1669"]
[PlyCount "84"]
[EventDate "2013.07.27"]

1. d4 d5 2. Nf3 Nf6 3. c4 c6 4. e3 Bf5 5. Nc3 e6 6. Be2 dxc4 7. Bxc4 Nbd7 8.
O-O Bd6 9. a3 Qc7 10. h3 Rd8 11. Qe2 Bg6 12. e4 e5 13. Bg5 O-O 14. d5 Rc8 15.
Rac1 Nh5 16. dxc6 bxc6 17. Rfd1 Nb6 18. Ba6 f6 19. Bxc8 Qxc8 20. Be3 Bb8 21. a4
Bf7 22. Nd2 Nf4 23. Bxf4 exf4 24. a5 Nd7 25. Nf3 Ne5 26. Nxe5 Bxe5 27. f3 Qb7
28. Qd2 Bb3 29. Qd7 Qb4 30. Qxa7 Bxd1 31. Rxd1 Qxb2 32. Rd7 f5 33. Nd1 Qb4 34.
Nf2 c5 35. Nd3 Bd4+ 36. Kh2 Qb1 37. Rxd4 cxd4 38. Qxd4 fxe4 39. Qxe4 Qb8 40.
Ne5 Qc7 41. Qd5+ Kh8 42. a6 Qa7 1/2-1/2

[Event "Politiken Cup 2013"]
[Site "Helsingør "]
[Date "2013.07.28"]
[Round "2.89"]
[White "Molin, Claus"]
[Black "Madison, Sigurd"]
[Result "1-0"]
[WhiteElo "1982"]
[BlackElo "1792"]
[PlyCount "74"]
[EventDate "2013.07.27"]

1. Nf3 d5 2. d4 Nf6 3. c4 c6 4. Nc3 Nbd7 5. cxd5 cxd5 6. Bf4 e6 7. Qa4 Be7 8.
Nb5 O-O 9. Bc7 Qe8 10. Qb3 Ne4 11. e3 Ndf6 12. Bd3 Bd7 13. O-O a6 14. Nc3 Nxc3
15. bxc3 b5 16. Nd2 Rc8 17. Be5 Ng4 18. Bg3 f5 19. Rae1 h5 20. f3 Nxe3 21. Rxe3
f4 22. Bxf4 Rxf4 23. Qc2 Rf6 24. f4 Qf7 25. Nf3 Rxf4 26. Ne5 Rxf1+ 27. Bxf1 Qf4
28. Rf3 Qe4 29. Qd2 Be8 30. Bd3 Qh4 31. Bc2 Bg5 32. Qe2 b4 33. g3 Qh3 34. Qd3
g6 35. cxb4 Rxc2 36. Qxc2 h4 37. Qc8 Qxg3+ 1-0

[Event "Politiken Cup 2013"]
[Site "Helsingør "]
[Date "2013.07.28"]
[Round "2.90"]
[White "Collins, Alan"]
[Black "Greeuw, Sietske"]
[Result "0-1"]
[WhiteElo "1740"]
[BlackElo "1971"]
[PlyCount "54"]
[EventDate "2013.07.27"]

1. d4 Nf6 2. Nf3 c5 3. c3 cxd4 4. cxd4 g6 5. Bf4 d6 6. e3 Bg7 7. Be2 O-O 8. O-O
Qb6 9. b3 Bf5 10. Nc3 Nc6 11. Nh4 Bd7 12. Rc1 Rac8 13. h3 Qa5 14. Nf3 e5 15.
dxe5 dxe5 16. Bh2 Rfd8 17. e4 Bxh3 18. Qc2 Be6 19. Qb2 Nd4 20. Nxd4 exd4 21.
Nd5 Nxd5 22. Rxc8 Bxc8 23. Qc2 Nc3 24. Bc4 Be6 25. Bxe6 fxe6 26. Qd3 Qa6 27.
Qh3 Ne2+ 0-1

[Event "Politiken Cup 2013"]
[Site "Helsingør "]
[Date "2013.07.28"]
[Round "2.91"]
[White "Pedersen, Carl Aage"]
[Black "Hedin, Niclas"]
[Result "1-0"]
[WhiteElo "1734"]
[BlackElo "1969"]
[PlyCount "79"]
[EventDate "2013.07.27"]

1. d4 Nf6 2. c4 e6 3. Nc3 Bb4 4. e3 c5 5. a3 Bxc3+ 6. bxc3 Nc6 7. Bd3 O-O 8.
Ne2 b6 9. O-O Ba6 10. Ng3 Rc8 11. dxc5 bxc5 12. f4 Qa5 13. Qc2 g6 14. e4 d6 15.
f5 Ne5 16. Bh6 Bxc4 17. Bxc4 Nxc4 18. fxg6 fxg6 19. Qd3 Qa4 20. Bxf8 Rxf8 21.
Rf2 Nd7 22. Rxf8+ Kxf8 23. Rf1+ Ke7 24. Ne2 Nce5 25. Qh3 Qxe4 26. Qxh7+ Kd8 27.
Qg8+ Kc7 28. Nf4 Nd3 29. Nxe6+ Kb7 30. Qf7 Qe3+ 31. Kh1 N3e5 32. Rb1+ Kc6 33.
Nd8+ Kc7 34. Ne6+ Kc6 35. Qe8 Kd5 36. Nc7+ Kc4 37. Qe6+ Kd3 38. Qd5+ Kc2 39.
Qd1+ Kxc3 40. Nd5+ 1-0

[Event "Politiken Cup 2013"]
[Site "Helsingør "]
[Date "2013.07.28"]
[Round "2.94"]
[White "Skovgaard, Tom"]
[Black "Kopperberg, Steen"]
[Result "1-0"]
[WhiteElo "1962"]
[BlackElo "1777"]
[PlyCount "189"]
[EventDate "2013.07.27"]

1. e4 e6 2. d4 d5 3. Nd2 dxe4 4. Nxe4 Bd7 5. Nf3 Bc6 6. Bd3 Nd7 7. O-O Ngf6 8.
Ng3 Bd6 9. Re1 Bxg3 10. hxg3 Bxf3 11. Qxf3 c6 12. c4 O-O 13. b3 Re8 14. Bb2 Nf8
15. Rad1 Ng6 16. Bc2 Qa5 17. a4 Qh5 18. Qxh5 Nxh5 19. Be4 Nf6 20. Bf3 Rad8 21.
a5 a6 22. d5 exd5 23. Rxe8+ Rxe8 24. Bxf6 gxf6 25. cxd5 Ne5 26. dxc6 Nxf3+ 27.
gxf3 bxc6 28. Rd6 Re6 29. Rd8+ Kg7 30. Ra8 c5 31. Rc8 Re1+ 32. Kg2 Rb1 33. Rxc5
Rxb3 34. Rc6 Ra3 35. Rxa6 f5 36. f4 h5 37. Ra8 Ra2 38. a6 Ra3 39. a7 Kf6 40.
Rh8 Rxa7 41. Rxh5 Ra2 42. Rh6+ Kg7 43. Rd6 Rb2 44. Rd3 Ra2 45. Kf3 Rb2 46. Re3
Ra2 47. Re2 Ra3+ 48. Kg2 Ra1 49. f3 Rb1 50. g4 Kg6 51. Re5 Rb2+ 52. Kg3 fxg4
53. fxg4 Rb3+ 54. Kh4 Rb1 55. Rg5+ Kf6 56. Rc5 Rh1+ 57. Kg3 Rg1+ 58. Kh3 Rh1+
59. Kg2 Rd1 60. Rc6+ Kg7 61. Kf3 Rf1+ 62. Ke4 Re1+ 63. Kf5 Rd1 64. Kg5 Rd5+ 65.
f5 Rb5 66. Rd6 Ra5 67. Rd4 Rb5 68. Kf4 Rb1 69. Rd5 Rf1+ 70. Ke5 Re1+ 71. Kf4
Rf1+ 72. Kg3 Rg1+ 73. Kh4 Rh1+ 74. Kg5 f6+ 75. Kf4 Rf1+ 76. Kg3 Rg1+ 77. Kf3
Rf1+ 78. Kg2 Rf4 79. Kg3 Rf1 80. Rd7+ Kh6 81. Rf7 Rg1+ 82. Kf3 Rf1+ 83. Kg2 Rf4
84. Kg3 Ra4 85. Rxf6+ Kg7 86. Rg6+ Kf7 87. Kh4 Ra1 88. Rb6 Ra5 89. Kg5 Rc5 90.
Rb7+ Kf8 91. Kg6 Rc4 92. g5 Rc8 93. f6 Kg8 94. Rg7+ Kf8 95. Rh7 1-0

[Event "Politiken Cup 2013"]
[Site "Helsingør "]
[Date "2013.07.28"]
[Round "2.95"]
[White "Kyrkjebo, Eirik"]
[Black "Jarlnaes, Erik"]
[Result "1-0"]
[WhiteElo "1711"]
[BlackElo "1961"]
[PlyCount "96"]
[EventDate "2013.07.27"]

1. e4 e6 2. d4 d5 3. Nd2 c5 4. c3 Nc6 5. Bb5 cxd4 6. cxd4 Qb6 7. Bxc6+ bxc6 8.
Ne2 Ba6 9. O-O Bb4 10. exd5 cxd5 11. Qa4+ Qb5 12. Qxb5+ Bxb5 13. Re1 Rc8 14.
Nf4 Rxc1 15. Rexc1 Bxd2 16. Rc8+ Kd7 17. Rb8 Bxf4 18. Rxb5 Ne7 19. Rb7+ Bc7 20.
Rc1 Nc6 21. b4 Rc8 22. b5 Nxd4 23. Kf1 Nxb5 24. Rxb5 Bb6 25. Rxc8 Kxc8 26. Ke2
Kd7 27. a4 Kc6 28. f4 f6 29. Rb3 Bc7 30. g3 e5 31. fxe5 fxe5 32. Rf3 e4 33. Rf7
Be5 34. Rxa7 d4 35. a5 d3+ 36. Kd2 Bf6 37. Ra8 Bg5+ 38. Kd1 e3 39. Rb8 e2+ 40.
Ke1 Be3 41. Rb3 Bg1 42. h3 Bc5 43. a6 h5 44. Rc3 Kb6 45. Rxc5 Kxc5 46. a7 Kd4
47. Kd2 g5 48. a8=Q e1=Q+ 1-0

[Event "Politiken Cup 2013"]
[Site "Helsingør "]
[Date "2013.07.28"]
[Round "2.96"]
[White "Olsen, Miriam F"]
[Black "Kearsley, Raymond J"]
[Result "1-0"]
[WhiteElo "1959"]
[BlackElo "1764"]
[PlyCount "55"]
[EventDate "2013.07.27"]

1. e4 c5 2. Nf3 e6 3. d4 cxd4 4. Nxd4 Bc5 5. Nb3 Bb6 6. Nc3 Ne7 7. Qg4 Ng6 8.
Bg5 f6 9. Bd2 Nc6 10. h4 Kf7 11. h5 Nge7 12. Na4 Bc7 13. O-O-O Ne5 14. Qh4 Qe8
15. f4 N5c6 16. Be2 d5 17. h6 g6 18. Bc3 Ng8 19. exd5 exd5 20. Bf3 Nce7 21.
Nac5 b6 22. Rde1 Qc6 23. Nd3 Nf5 24. Qf2 Nge7 25. g4 Nd6 26. Nb4 Qc4 27. Be2
Ne4 28. Qe3 1-0

[Event "Politiken Cup 2013"]
[Site "Helsingør "]
[Date "2013.07.28"]
[Round "2.97"]
[White "Larsen, Ulrik Jejlskov"]
[Black "Ranby, Hans"]
[Result "1-0"]
[WhiteElo "1700"]
[BlackElo "1958"]
[PlyCount "49"]
[EventDate "2013.07.27"]

1. d4 Nf6 2. Nf3 e6 3. e3 b6 4. Bd3 Bb7 5. Nbd2 c5 6. O-O Nc6 7. c3 Be7 8. Qe2
O-O 9. dxc5 bxc5 10. e4 d5 11. e5 Nd7 12. Re1 Qc7 13. Nf1 Rab8 14. Bf4 Rfd8 15.
h3 Nb6 16. h4 Rbc8 17. Ng5 g6 18. h5 d4 19. hxg6 hxg6 20. Qg4 Bxg5 21. Bxg5
Nxe5 22. Qh3 f5 23. Bf6 Nxd3 24. Qh8+ Kf7 25. Qg7+ 1-0

[Event "Politiken Cup 2013"]
[Site "Helsingør "]
[Date "2013.07.28"]
[Round "2.99"]
[White "Bratteteig, Tore-Inge"]
[Black "Oland, Arne"]
[Result "1-0"]
[WhiteElo "1692"]
[BlackElo "1955"]
[PlyCount "143"]
[EventDate "2013.07.27"]

1. c4 f5 2. d4 Nf6 3. g3 g6 4. Bg2 Bg7 5. Nc3 O-O 6. Nf3 d6 7. O-O c6 8. b4 a5
9. b5 Ne4 10. Bb2 Nxc3 11. Bxc3 Nd7 12. bxc6 bxc6 13. Ng5 Nb8 14. h4 h6 15. Nh3
Qe8 16. Re1 Qf7 17. Qd2 Qxc4 18. e4 Ra7 19. Nf4 Kh7 20. Rab1 Bd7 21. Bf1 Qg8
22. Bd3 e5 23. dxe5 dxe5 24. Ng2 Be6 25. Rb2 Rd7 26. Qe2 f4 27. gxf4 exf4 28.
Qc2 f3 29. Ne3 Bxc3 30. Qxc3 Rg7 31. e5 Qf7 32. Qd4 Qf4 33. Qxf4 Rxf4 34. Rxb8
Rxh4 35. Reb1 Rh5 36. Nf1 Rxe5 37. R8b7 Bxa2 38. Rxg7+ Kxg7 39. Rc1 c5 40. Ne3
a4 41. Bc4 Rg5+ 42. Kh2 Bb3 43. Rc3 Bxc4 44. Rxc4 a3 45. Ra4 Kf6 46. Rxa3 Ke5
47. Ra4 h5 48. Rc4 Kd6 49. Rf4 Kc6 50. Rxf3 Kb5 51. Rf8 Kb4 52. Rb8+ Kc3 53.
Rd8 Re5 54. Kg3 g5 55. Rd7 Re4 56. Rd5 h4+ 57. Kg2 c4 58. Rxg5 Kd3 59. Kf3 c3
60. Rg4 Re8 61. Rxh4 c2 62. Nxc2 Kxc2 63. Re4 Rf8+ 64. Ke3 Kc3 65. f4 Rh8 66.
f5 Rh1 67. f6 Rf1 68. Rf4 Re1+ 69. Kf3 Re8 70. f7 Rf8 71. Ke4 Kc4 72. Ke5+ 1-0

[Event "Politiken Cup 2013"]
[Site "Helsingør "]
[Date "2013.07.28"]
[Round "2.100"]
[White "Ancion, Merowig"]
[Black "Torgersen, Markus"]
[Result "1-0"]
[WhiteElo "1954"]
[BlackElo "1737"]
[PlyCount "57"]
[EventDate "2013.07.27"]

1. e4 c6 2. d4 d5 3. Nc3 dxe4 4. f3 exf3 5. Nxf3 Bg4 6. Be3 e6 7. Bd3 Ne7 8. h3
Bf5 9. Ne4 Nd5 10. Bd2 Nd7 11. O-O Nb4 12. Qe1 Nxd3 13. cxd3 Be7 14. Qg3 Bg6
15. Nfg5 Nf6 16. Bc3 Nh5 17. Qe3 h6 18. Nf3 Nf6 19. Ne5 Bh7 20. Nc5 O-O 21.
Nxb7 Qb6 22. Nc5 Rad8 23. Rae1 Bxc5 24. dxc5 Qa6 25. Rxf6 gxf6 26. Ng4 Qxd3 27.
Nxh6+ Kg7 28. Qg5+ Qg6 29. Bxf6# 1-0